| 000 | 01109nam a2200241Ia 4500 | ||
|---|---|---|---|
| 001 | 15730 | ||
| 003 | GE_BSU | ||
| 008 | 181216s||||||||xx |||||||||||||| ||und|| | ||
| 040 | _cGE_BSU | ||
| 080 | _a821.353.1 + 821.353.1-92 | ||
| 100 | _aჭავჭავაძე, ი. (ილია, 1837-1907) | ||
| 245 | _aრჩეული ნაწარმოებები : 5 ტომად. ტ. 5 | ||
| 245 | _bპუბლიცისტური წერილები; [ილიას ავტობიოგრაფია | ||
| 245 | _cტომი შეადგინეს: სარგის ცაიშვილმა და გურამ გვერდწითელმა. რდ. ნ. აბესაძე | ||
| 260 | _aთბილისი | ||
| 260 | _bსაბჭ. საქართველო | ||
| 260 | _c1987 | ||
| 300 | _a448 გვ.20სმ | ||
| 300 | _eშენიშვნები გვ.441-445 | ||
| 653 | _aპუბლიცისტური წერილები | ||
| 653 | _aრჩეული ნაწარმოებები | ||
| 942 | _cBK | ||
| 999 |
_c48828 _d48828 |
||